000 00433nam a2200181Ia 4500
003 IT-RoPAU
008 120407s9999 xx 000 0 und d
040 _aIT-RoPAU
040 _cIT-RoPAU
100 _aPio XII
245 _aDiscorsi e radiomessaggi di Sua Santità Pio XII - 2 marzo 1939 - 1 marzo 1954
260 _aVaticana
300 _c cm
490 _v22
600 _auna copia a parte
942 _cBK
999 _c12491
_d12491